000 nam a22 7a 4500
999 _c10026
_d10026
008 180209b ||||| |||| 00| 0 eng d
100 _aMurray,W
_96054
245 _aReading with sounds
260 _aLondon
_bLadybird Publication
_c1993